Proprietary technology and industrial structure the semiconductor, computer, and consumer electronics industries
সংরক্ষণ করুন:
| প্রধান লেখক: | |
|---|---|
| বিন্যাস: | গ্রন্থ |
| ভাষা: | Undetermined |
| প্রকাশিত: |
Stanford University
Stanford
1991
|
| বিষয়গুলি: | |
| ট্যাগগুলো: |
ট্যাগ যুক্ত করুন
কোনো ট্যাগ নেই, প্রথমজন হিসাবে ট্যাগ করুন!
|
| Thư viện lưu trữ: | Trung tâm Học liệu Trường Đại học Cần Thơ |
|---|
| LEADER | 00564nam a2200181Ia 4500 | ||
|---|---|---|---|
| 001 | CTU_98793 | ||
| 008 | 210402s9999 xx 000 0 und d | ||
| 082 | |a 338.4 | ||
| 082 | |b B635 | ||
| 100 | |a Blair, John A. | ||
| 245 | 0 | |a Proprietary technology and industrial structure the semiconductor, computer, and consumer electronics industries | |
| 245 | 0 | |c John A. Blair | |
| 260 | |a Stanford University | ||
| 260 | |b Stanford | ||
| 260 | |c 1991 | ||
| 650 | |a Semiconductor industry | ||
| 904 | |i Tuyến | ||
| 980 | |a Trung tâm Học liệu Trường Đại học Cần Thơ | ||